00401nam a2200133Ia 4500100003400000942000700034654002300041245002300064260003100087300000900118546001200127999001700139952011100156 aOberg/Erik/ Jones/Franklin D  cBK amachinery handbook aMachinery Handbook bIndustrial Press Incc1974 a2420 aENGLISH c22801d22801 001040708CRCaCRCEbCRCEd2023-03-17eProfessional Book House.l0o p18309r2023-03-17w0000-00-00yBK